| 000 | 00753cab a2200205 4500 | ||
|---|---|---|---|
| 001 | WB2506-14 | ||
| 008 | 090401t1989 xxu||||| |||| 00| 0 eng d | ||
| 035 | _a(Sirsi) u53436 | ||
| 041 | _aeng | ||
| 245 | _aDiscount for new tenant | ||
| 260 | _c1989 | ||
| 350 | _a0 | ||
| 490 |
_aIndependent _v9/2/89 p30 |
||
| 520 | _aIn McIntyre v Merthyr Tydfil BC CA 8 February 1989 it was held that where there was a change of secure tenancy after a notice claiming the right to buy had been served, the new tenant was entitled to the same discount in the purchase price as the former tenant who had served the notice. | ||
| 650 | _aCOUNCIL HOUSING | ||
| 650 | _aHOUSING ACT 1980 | ||
| 690 |
_aBlock management _96220 |
||
| 942 | _n0 | ||
| 948 | _c04/03/1997 | ||
| 999 |
_c32939 _d32939 |
||